000 00769nam0a22002531 4500
001 rc\269842
005 20250621002544.0
010 _a5-88590-359-X
_920000
035 _a(NLR Aleph) 005475419
090 _a5083622
_c5083622
100 _a20030307d1995 |||y0rusy50 ca
101 0 _arus
102 _aRU
105 _ay |||||||||
200 1 _aЗвездное качество
_eРоман
_fДженнифер Холл
_g[Пер. с англ. Г.В. Чернюговой]
210 _aСмоленск
_cФирма "Русич"
_d1995
215 _a453, [2] с.
_d21
225 1 _aАлая роза
700 1 _aХолл
_bД.
_gДженнифер
801 0 _aRU
_bNLR
_gpsbo
801 1 _aRU
_bELAR
_2rusmarc
852 _aNLR
_j95-3/6865
942 _cBOOK
980 _aNB